| 000 | 00778nam a2200229 i 4500 | ||
|---|---|---|---|
| 001 | bg | ||
| 100 | 1 | _aWALCZAK, Aleksander | |
| 245 | 1 | 0 |
_aMiędzynarodowe wymagania dotyczące szkolenia rybaków (1966-2001) / _cAleksander Walczak. |
| 260 |
_aSzczecin : _bDział Wydawnictw Wyższej Szkoły Morskiej, _c2002. |
||
| 300 |
_a210, [2] s. ; _c24 cm. |
||
| 504 | _aBibliogr. | ||
| 650 | 9 |
_aRybacy _xszkolenie _xprawo międzynarodowe _yod 1945 r. |
|
| 650 | 9 |
_aRybołówstwo morskie _xprawo międzynarodowe _yod 1945 r. |
|
| 650 | 9 |
_aUmowy międzynarodowe morskie _yod 1945 r. |
|
| 020 | _a8386494816 | ||
| 040 | _cBPK | ||
| 041 | 0 | _apol | |
| 080 | _a341.225:341.24:639.3:377]"1945/..." | ||
| 920 | _a83-86494-81-6 | ||
| 942 | _cKS | ||
| 008 | s pl f |000 0 pol | ||
| 999 |
_c44489 _d44489 |
||
| 856 |
_uhttp://koha.tu.koszalin.pl/cgi-bin/koha/opac-detail.pl?biblionumber=44489 _yKatalog online BPK |
||